Activistas de derechos humanos a cargo de la seguridad y el orden en el Perú /
Obra que recoge las experiencias de connotados activistas de derechos humanos que pasaron a ocupar cargos públicos en el Ministerio del Interior del Perú - cuya función principal es preservar el orden interno del país- después de la caída del régimen de Alberto Fujimori y Montesinos en noviembre del...
Guardado en:
| Otros autores: | |
|---|---|
| Formato: | Libro |
| Idioma: | Español |
| Publicado: |
Lima, Perú :
Instituto de Defensa Legal,
2004, c2004
|
| Temas: | |
| Etiquetas: |
Sin etiquetas, Sé el primero en etiquetar este registro!
|
MARC
| LEADER | 00000nam^a2200000^a^4500 | ||
|---|---|---|---|
| 001 | 000187319 | ||
| 005 | 20250521000000.0 | ||
| 009 | 20260310102254.815 | ||
| 037 | |a Acervo ITESO - Biblioteca | ||
| 041 | |a ESP | ||
| 082 | |a 320. 9850711 |b ACT | ||
| 245 | 0 | 0 | |a Activistas de derechos humanos a cargo de la seguridad y el orden en el Perú / |c C. Basombrío Iglesias... [et al.]. |
| 264 | 4 | |a Lima, Perú : |b Instituto de Defensa Legal, |c 2004, c2004 | |
| 300 | |a 241 p. | ||
| 336 | |a texto |b txt |2 rdacontenido | ||
| 337 | |a sin mediación |b n |2 rdamedio | ||
| 338 | |a volumen |b nc |2 rdasoporte | ||
| 520 | |a Obra que recoge las experiencias de connotados activistas de derechos humanos que pasaron a ocupar cargos públicos en el Ministerio del Interior del Perú - cuya función principal es preservar el orden interno del país- después de la caída del régimen de Alberto Fujimori y Montesinos en noviembre del 2000. Específicamente relatan las reformas policíacas, de seguridad nacional que promovieron, así como las políticas de derechos humanos que instauraron. | ||
| 649 | |a XX | ||
| 650 | |a Ministerios de Gobernación - |z Perú | ||
| 650 | |a Policía - |z Perú - |x Administración | ||
| 650 | |a Seguridad Nacional - |z Perú | ||
| 650 | |a Seguridad Pública - |z Perú | ||
| 650 | |a Reforma Política - |z Perú | ||
| 650 | |a Políticas Públicas - |z Perú | ||
| 650 | |a Derechos Humanos - |z Perú | ||
| 650 | |a Administración Pública - |z Perú | ||
| 650 | |a Política - |z Perú - |x Historia - |y 2001-2006 | ||
| 650 | |a Política - |z Perú - |x Historia - |y Siglo XXI | ||
| 700 | |a Basombrío Iglesias, Carlos |e (autor) | ||
| 910 | |a Fondo General | ||
| 920 | |a Impresos - Libros | ||
| 930 | |a Colección General | ||
| 905 | |a 101 | ||
| 901 | |a 0500129377 |b IT1 |c ACC |u 20250521 | ||
| 902 | |a https://opac.biblio.iteso.mx/vufind/Record/000187319 | ||